Satan: (Record no. 13092)

000 -LEADER
fixed length control field 00563nam a2200193 a 4500
001 - CONTROL NUMBER
control field :::00010910$&:&@@
003 - CONTROL NUMBER IDENTIFIER
control field OkBaRHE
005 - DATE AND TIME OF LATEST TRANSACTION
control field 20000607103403.0
008 - FIXED-LENGTH DATA ELEMENTS--GENERAL INFORMATION
fixed length control field j 000 0 eng u
040 ## - CATALOGING SOURCE
Transcribing agency
100 1# - MAIN ENTRY--PERSONAL NAME
Personal name Usher, Charles H.
245 10 - TITLE STATEMENT
Title Satan:
Remainder of title a defeated foe.
260 ## - PUBLICATION, DISTRIBUTION, ETC. (IMPRINT)
Place of publication, distribution, etc Fort Washington, PA., :
Name of publisher, distributor, etc Christian Literature Crusade
Date of publication, distribution, etc nd
300 ## - PHYSICAL DESCRIPTION
Extent 69 p.
650 ## - SUBJECT ADDED ENTRY--TOPICAL TERM
Topical term or geographic name as entry element Christian Life
650 ## - SUBJECT ADDED ENTRY--TOPICAL TERM
Topical term or geographic name as entry element Devil
942 ## - ADDED ENTRY ELEMENTS (KOHA)
Source of classification or shelving scheme
Koha item type Books
Copies
Not for loan Permanent Location Date last seen Price effective from Barcode Damaged status Source of classification or shelving scheme Shelving location Koha item type Full call number Date acquired Copy number Lost status Withdrawn status
 RHEMA Bible Training College2010-04-142010-04-1410910  General StacksBooksBV 4501.2 .U7532010-04-141